| 000 | 00908nam a2200229 a 4500 | ||
|---|---|---|---|
| 001 | 000023105 | ||
| 005 | 20200930022006.0 | ||
| 008 | 101126s1994 sp a 001 0 spa d | ||
| 020 | _a8460508110 | ||
| 040 |
_aDO-SdBNP _bspa _cBNPHU |
||
| 082 |
_a946.49 _bG731s |
||
| 100 | 1 |
_aGracia Abad, María Carmen _947569 |
|
| 245 | 1 | 3 |
_aEl señorío de Fuentes de la Alcarria / _cMaría Carmen Gracia Abad ; prólogo de Miguel Rodríguez Gutiérrez. |
| 260 |
_aGuadalajara, Madrid : _bAsociación Cultural "El Arco", _c1994. |
||
| 300 |
_a437 p. : _bil. ; _c30 cm. |
||
| 504 | _aIncluye referencias bibliográficas y notas al pie de las páginas. | ||
| 590 | _aLa biblioteca posee 2 ejemplares edicados por la Asociación Sociocultura "El ARCO". | ||
| 651 | 4 |
_aAlcarria (España{Rpara} _xDescripciones Y Viajes _947570 |
|
| 700 | 1 |
_aRodríguez Gutiérrez, Miguel, _epról. _947571 |
|
| 910 | _aWM | ||
| 049 | _aBNGR | ||
| 999 |
_c22602 _d22602 |
||